000 00723nam a2200217 4500
001 36475
003 BD-RjUL
005 20211209052507.0
008 140624s1982 ii ||||| |||| 00| 0 eng d
035 _a(BD-RjUL)36575
040 _aBD-RjUL
_beng
_cBD-RjUL
041 _aeng
082 _a320.973
_bSTU 1982
245 _aStudent study guide to accompany Understanding American politics /
_cguide composed by James C. Coomer, Grover Starling, Kearby Lyde.
260 _aHomewood, Ill. :
_bDorsey Press,
_c1982.
300 _a201 p. ;
_c28 cm.
650 _aPolitics and government
_vUnited States.
_9111047
700 _a Coomer James C
_9111048
700 _a Starling Grover.; Kearby Lyde
_9111049
942 _2ddc
_cBK
999 _c36475
_d36475